| 000 | 00394nam a2200157Ia 4500 | ||
|---|---|---|---|
| 008 | 151213s9999 xx 000 0 und d | ||
| 100 | _aMd. Minudduin Khan | ||
| 245 |
_aAdvanced Accounting _cMd. Minudduin Khan |
||
| 250 | _a8th | ||
| 260 |
_aDhaka _bIdeal Library _c1989 |
||
| 300 | _a4255 p. | ||
| 650 | _aAccounting | ||
| 650 | _aAccounting | ||
| 700 | _aMd. Minudduin Khan | ||
| 999 |
_c2679 _d2679 |
||